| Tag |
First Indicator |
Second Indicator |
Subfields |
| LEADER |
00000cam a2200000La 4500 |
| 001 |
in00001739321 |
| 005 |
20220105121719.0 |
| 006 |
m u |
| 007 |
cr cn- |
| 008 |
001106s2000 enkd s 000 0 eng d |
| 020 |
|
|
|a 058530307X (electronic bk.) :
|c $280.00
|
| 020 |
|
|
|z 1899332820
|
| 035 |
|
|
|a (OCoLC)ocm45732628
|
| 040 |
|
|
|a N$T
|c N$T
|d OCL
|d UtOrBLW
|
| 049 |
|
|
|a IKMN
|
| 050 |
1 |
4 |
|a HG1811
|b .S36 2000eb
|
| 082 |
0 |
4 |
|a 332.1/1/0973
|2 21
|
| 100 |
1 |
|
|a Scobie, H.M.
|
| 245 |
1 |
0 |
|a Reserve management /
|c H.M. Scobie and G. Cagliesi.
|
| 264 |
|
1 |
|a London :
|b Risk Books,
|c [2000]
|
| 264 |
|
4 |
|c ©2000
|
| 300 |
|
|
|a v, 155 pages :
|b charts ;
|c 23 cm.
|
| 336 |
|
|
|a text
|b txt
|2 rdacontent
|
| 337 |
|
|
|a computer
|b c
|2 rdamedia
|
| 338 |
|
|
|a online resource
|b cr
|2 rdacarrier
|
| 533 |
|
|
|a Electronic reproduction.
|b Boulder, Colo. :
|c NetLibrary,
|d 2000.
|n Available via World Wide Web.
|n Access may be limited to NetLibrary affiliated libraries.
|
| 500 |
|
|
|a Electronic resource.
|
| 650 |
|
0 |
|a Banks and banking, Central.
|0 http://id.loc.gov/authorities/subjects/sh85011647
|
| 650 |
|
0 |
|a Banks and banking
|x Reserves
|x Management.
|
| 650 |
|
0 |
|a Reserves
|x Banks and banking
|x Management.
|
| 655 |
|
7 |
|a Electronic books.
|2 local
|
| 700 |
1 |
|
|a Caglisesi, G.
|
| 710 |
2 |
|
|a NetLibrary, Inc.
|0 http://id.loc.gov/authorities/names/no99080690
|
| 856 |
4 |
1 |
|u https://proxy.library.tamu.edu/login?url=http://www.netLibrary.com/urlapi.asp?action=summary&v=1&bookid=29007
|z Connect to the full text of this electronic book
|t 0
|
| 994 |
|
|
|a 92
|b IKM
|
| 999 |
|
|
|a MARS
|
| 999 |
f |
f |
|s fa109856-52c7-3101-8530-0d4832fe4180
|i 5af00397-7613-3fcb-a343-6a3a25073a7b
|t 0
|
| 952 |
f |
f |
|a Texas A&M University
|b College Station
|c Electronic Resources
|d Available Online
|t 0
|e HG1811 .S36 2000eb
|h Library of Congress classification
|
| 998 |
f |
f |
|a HG1811 .S36 2000eb
|t 0
|l Available Online
|